Catálogo
Digital

Catálogo
Digital

Igualdad y no discriminación . El reto de la diversidad (Record no. 14160)

MARC details
000 -CABECERA
campo de control de longitud fija 02904nam a2200301 4500
003 - IDENTIFICADOR DEL NÚMERO DE CONTROL
campo de control EC-UNACH
005 - FECHA Y HORA DE LA ÚLTIMA TRANSACCIÓN
campo de control 20251107150457.0
006 - CÓDIGOS DE INFORMACIÓN DE LONGITUD FIJA--CARACTERÍSTICAS DEL MATERIAL ADICIONAL
campo de control de longitud fija s||||gr|||| 00| 00
008 - DATOS DE LONGITUD FIJA--INFORMACIÓN GENERAL
campo de control de longitud fija 150116t9999 mx r gr 000 0 spa d
020 ## - NÚMERO INTERNACIONAL ESTÁNDAR DEL LIBRO
Número Internacional Estándar del Libro 978-9978-92-948-3
040 ## - FUENTE DE LA CATALOGACIÓN
Centro catalogador/agencia de origen EC-UNACH
Centro/agencia transcriptor EC-UNACH
041 ## - CÓDIGO DE LENGUA
Código de lengua del texto/banda sonora o título independiente spa
082 04 - NÚMERO DE LA CLASIFICACIÓN DECIMAL DEWEY
Número de edición 23
Número de clasificación 348.02
Número de documento/Ítem L017972
110 ## - ENTRADA PRINCIPAL--NOMBRE DE ENTIDAD CORPORATIVA
Nombre de entidad corporativa o nombre de jurisdicción como elemento de entrada Graficas V& M
245 ## - MENCIÓN DE TÍTULO
Título Igualdad y no discriminación . El reto de la diversidad
250 ## - MENCIÓN DE EDICIÓN
Mención de edición Primera edición
264 ## - Producción, publicación, distribución, fabricación y copyright
Lugar de producción, publicación, distribución, fabricación Ecuador
Nombre del de productor, editor, distribuidor, fabricante Graficas V& M
Fecha de de producción, publicación, distribución, fabricación o copyright 2010
300 ## - DESCRIPCIÓN FÍSICA
Extensión 645
505 ## - NOTA DE CONTENIDO CON FORMATO
Nota de contenido con formato I.El Principio de igualdad. Dimensiones filosóficas Desigualdad, exclusión y globalización: hacia la construcción multicultural de la igualdad y la diferencia- Boaventura de Sousa Santos (Des) Igualdad estructural - Roberto Saba Los derechos sociales y el principio de igualdad sustancial - Luis Prieto Sanchís Igualdad y diferencia- Luigi Ferrajoli La naturaleza del prejuicio. Racismo, hoy. Iguales y diferentes - Norberto Bobbio - - II.- Discriminación y medidas de acción afirmativa Efecto o intención: cuál debería ser el requisito en los casos de discriminación - Ezequiel Nino Igualdad y desproporcionalidad en las políticas de acción afirmativa. Los problemas de la dogmática jurídica y el derecho europeo - José García Añón<br/>Igualdad, democracia y acciones positivas - Marcela V. Rodríguez Afroecuatorianos: reparaciones y acciones afirmativas - John Antón Sánchez - - III. Igualdad y diversidad Matrimonio y diversidad sexual: la lección sudafricana - Mariano Fernández Valle El derecho a la igualdad de las personas con discapacidad y la obligación de realizar ajustes razonables. Una mirada desde la Convención Internacional sobre los Derechos de las Personas con discapacidad - Agustina Palacios Libre determinación y pie de igualdad de los pueblos indígenas - Bartolomé Clavero La igualdad un largo camino para las mujeres - Roxana Arroyo Vargas - - IV. Aplicaciones El juicio de la igualdad en la jurisprudencia de la Corte Constitucional - Carlos Bernal Pulido Lidiando con la diferencia. Respuestas desde la justicia constitucional ecuatoriana y colombiana - Judith Salgado Álvarez Igualdad y diversidad sexual. La hegemonía de la heterosexualidad en el derecho ecuatoriano - Danilo Caicedo Tapia y Angélica Porras Velasco El principio de igualdad y no discriminación. Claroscuros de la jurisprudencia interamericana - Ariel E. Dulitzky Abstracts de Opiniones Consultivas de la Corte Interamericana de Derechos Humanos sobre igualdad y discriminación ...<br/>
650 ## - PUNTO DE ACCESO ADICIONAL DE MATERIA--TÉRMINO DE MATERIA
Término de materia o nombre geográfico como elemento inicial DESIGUALDAD, EXCLUSIÓN Y GLOBALIZACIÓN
650 ## - PUNTO DE ACCESO ADICIONAL DE MATERIA--TÉRMINO DE MATERIA
Término de materia o nombre geográfico como elemento inicial EFECTO O INTENCIÓN
650 ## - PUNTO DE ACCESO ADICIONAL DE MATERIA--TÉRMINO DE MATERIA
Término de materia o nombre geográfico como elemento inicial EL JUICIO DE LA IGAULDAD EN LA JURISPRUDENCIA
700 ## - PUNTO DE ACCESO ADICIONAL--NOMBRE DE PERSONA
Nombre de persona Danilo Caicedo Tapia / Angelica Porras Velasco
942 ## - ELEMENTOS DE PUNTO DE ACCESO ADICIONAL (KOHA)
Fuente del sistema de clasificación o colocación Clasificación Decimal Dewey
Tipo de ítem Koha Libros
999 ## - NÚMEROS DE CONTROL DE SISTEMA (KOHA)
Koha biblionumber 14160
Holdings
Estado de pérdida Fuente del sistema de clasificación o colocación Estado dañado No para préstamo Localización permanente Ubicación/localización actual Ubicación en estantería Fecha de adquisición Fuente de adquisición Número de inventario Total de préstamos Signatura topográfica completa Código de barras Fecha visto por última vez Precio válido a partir de Tipo de ítem Koha Centro de costos
  Clasificación Decimal Dewey     Biblioteca Campus Norte Biblioteca Campus Norte Derecho 07/11/2025 Transitoria segunda Resolución N°0311-CU-UNACH-SE-ORD-16-09-24 39932934   348.02 CAI L017972 L017972 07/11/2025 07/11/2025 Libros  

Powered by Koha